000 00887nam a22002417a 4500
005 20250502161324.0
008 250502b |||||||| |||| 00| 0 eng d
020 _a978-81-980002-6-2 (hbk)
037 _cTB
040 _aCRL
_cCRL
041 _2eng
_aeng
084 _aV2:195814.P1 R4
_qCRL
245 _aIndia-Uzbekistan:
_b Perspectives on connectivity between South and Central Asia
260 _aNew Delhi, India:
_bPentagon Press,
_c2025.
300 _axxix, 270p.
365 _b1295.00
_cINR
650 _aIndia History
650 _aIndia Foreign Relations
700 _aDwivedi, Ramakant
_eEditor
_9753824
700 _aKhaydarov, Abdusamat
_eEditor
_9753825
942 _2CC
_cTB
_hV2:195814.P1 R4
_n0
999 _c1309978
_d1309978